[Event "EU-ch Amateur U1700"]
[Site "Rhodes"]
[Date "2019.04.11"]
[Round "6.12"]
[White "Irakleidis, Christos"]
[Black "Rammos, Ilias"]
[Result "0-1"]
[WhiteElo "1348"]
[BlackElo "1040"]
[PlyCount "70"]
[EventDate "2019.04.06"]
[EventType "swiss"]
[EventRounds "9"]
[EventCountry "GRE"]
[SourceTitle "EXT 2024"]
[Source "ChessBase"]
[SourceDate "2023.10.10"]
[SourceVersion "1"]
[SourceVersionDate "2023.10.10"]
[SourceQuality "1"]

1. d4 d5 2. Nf3 Nc6 3. e3 Nf6 4. Nbd2 Bd7 5. Bd3 e6 6. 0-0 Bd6 7. b3 e5 8. Bb5 e4 9. Bxc6 Bxc6 10. Ne5 Bxe5 11. dxe5 Nd7 12. Qg4 Qe7 13. Bb2 0-0-0 14. f4 Qc5 15. Bd4 Qe7 16. c4 Kb8 17. cxd5 Bxd5 18. Nc4 Nc5 19. Nb2 Ne6 20. Bc3 h5 21. Qe2 Rh6 22. f5 Ng5 23. Rf4 Rg8 24. Rd1 c6 25. Nc4 h4 26. Nd6 h3 27. Qg4 hxg2 28. Kxg2 f6 29. exf6 gxf6 30. Rh1 Nh3 31. Qxg8+ Bxg8 32. Nxe4 Nxf4+ 33. Kf3 Bd5 34. Kxf4 Rh4+ 35. Kg3 Qxe4 0-1

[Event "Skopje Karposh op"]
[Site "Skopje"]
[Date "2012.04.12"]
[Round "7"]
[White "Irakleidis, Christos"]
[Black "Nikolov, Kole"]
[Result "0-1"]
[WhiteElo "1523"]
[BlackElo "1715"]
[PlyCount "90"]
[EventDate "2012.04.07"]
[EventType "swiss"]
[EventRounds "9"]
[EventCountry "MKD"]
[SourceTitle "CBM 147 Extra"]
[Source "ChessBase"]
[SourceDate "2012.04.24"]
[SourceVersion "1"]
[SourceVersionDate "2012.04.24"]
[SourceQuality "1"]

1. d4 d5 2. Nf3 Nf6 3. e3 Bg4 4. h3 Bf5 5. Bd3 Bg6 6. Bxg6 hxg6 7. b3 e6 8. Nbd2 Nbd7 9. Bb2 Bd6 10. Ne5 c6 11. Qe2 Qe7 12. c4 Rc8 13. c5 Bb8 14. Qd3 Nxe5 15. dxe5 Nd7 16. Nf3 Nxc5 17. Qc2 Ne4 18. Rd1 Ng5 19. Nd2 a6 20. f4 Nh7 21. 0-0 Bc7 22. Rf3 Qh4 23. Kh2 Qh5 24. e4 g5 25. exd5 exd5 26. Qf5 0-0 27. e6 fxe6 28. Qxe6+ Qf7 29. Qg4 Bb8 30. Be5 Qf5 31. Qg3 Bxe5 32. fxe5 Qe6 33. Rdf1 Rxf3 34. Rxf3 Rf8 35. Rxf8+ Kxf8 36. Nf3 Qf5 37. e6 Qf4 38. a4 Ke7 39. Qxf4 gxf4 40. Nd4 Kf6 41. h4 Nf8 42. e7 Kxe7 43. Nf5+ Kf6 44. Nd6 b6 45. Nc8 Nd7 0-1

[Event "Skopje Karposh op"]
[Site "Skopje"]
[Date "2012.04.08"]
[Round "3"]
[White "Irakleidis, Christos"]
[Black "Vukelic, Zvonimir"]
[Result "0-1"]
[WhiteElo "1523"]
[BlackElo "1931"]
[PlyCount "44"]
[EventDate "2012.04.07"]
[EventType "swiss"]
[EventRounds "9"]
[EventCountry "MKD"]
[SourceTitle "CBM 147 Extra"]
[Source "ChessBase"]
[SourceDate "2012.04.24"]
[SourceVersion "1"]
[SourceVersionDate "2012.04.24"]
[SourceQuality "1"]

1. d4 d5 2. Nf3 Nf6 3. e3 Bf5 4. Bd3 Bxd3 5. Qxd3 c6 6. Nbd2 e6 7. b3 Nbd7 8. Bb2 Qc7 9. Ne5 Bd6 10. f4 g6 11. h3 h5 12. c4 dxc4 13. bxc4 Bb4 14. Rd1 Rf8 15. 0-0 0-0-0 16. Ndf3 Be7 17. Ng5 Bd6 18. Ngxf7 Rde8 19. Nxd6+ Qxd6 20. Ba3 c5 21. dxc5 Qc7 22. Qd6 Nb8 0-1